000 00221nam a22000857a 4500
008 161112b xxu||||| |||| 00| 0 eng d
100 _91178
_aChaudhery.S.
245 _aTargetting Mathematics-5
260 _aNew Delhi
_bFrank
_c2012
999 _c3857
_d3857